Statistiken für Deutsche Songs mit Essen & Trinken im Titel

Klicken Sie hier um das Quiz zu spielen!

Allgemein

  • Dieses Quiz wurde 618 mal gespielt
  • Das Durchschnittsergebnis liegt bei 10 aus 18

Antwortstatistiken

InterpretTitel% Korrekt
Udo JürgensGriechischer {Wein}
97%
Udo JürgensAber bitte mit {Sahne}
92%
Tim ToupetIch hab ne Zwiebel auf dem Kopf ich bin ein {Döner}
90%
Jürgen DrewsEin Bett im {Korn}feld
85%
Die Toten HosenZehn kleine {Jägermeister}
78%
Peter FoxSchüttel deinen {Speck}
77%
Paul KuhnEs gibt kein {Bier} auf Hawaii
69%
Trude HerrIch will keine {Schokolade}
62%
Wencke MyhreBeiß nicht gleich in jeden {Apfel}
54%
Die Toten HosenEisgekühlter {Bommerlunder}
50%
Antilopen GangP{izza}
45%
Peter CorneliusDer {Kaffee} ist fertig
39%
Marius Müller-WesternhagenMit {Pfefferminz} bin ich dein Prinz
30%
Herbert GrönemeyerC{urrywurst}
29%
Hoffmann & Hoffmann{Himbeereis} zum Frühstück
27%
Helge SchneiderEs gibt {Reis} Baby
26%
SpliffC{arbonara}
22%
ExtrabreitHart wie {Marmelade}
9%

Verteilung der Resultate

Perzentil nach korrekt beantworteten Fragen

Anzahl Personen mit jedem Resultat

Ihre Resultats-Entwicklung

Sie haben dieses Quiz noch nicht gespielt